[Event "Mikhail Tal Mem Rapid"]
[Site "Jurmala LAT"]
[Date "2017.03.04"]
[Round "4.5"]
[White "Ladva,O"]
[Black "Onischuk,V"]
[Result "1/2-1/2"]
[WhiteTitle "GM"]
[BlackTitle "GM"]
[WhiteElo "2529"]
[BlackElo "2601"]
[WhiteFideId "4500024"]
[BlackFideId "14114038"]
[EventDate "2017.03.04"]

1. d4 d6 2. e4 Nf6 3. Nc3 g6 4. Be3 c6 5. Qd2 Nbd7 6. Nf3 e5 7. dxe5 dxe5 8.
O-O-O Qe7 9. h4 h6 10. h5 g5 11. Be2 Bg7 12. Nh2 O-O 13. Ng4 Re8 14. Qd6 Nf8 15.
Qxe7 Rxe7 16. Bc5 Re8 17. Bxf8 Bxg4 18. Bxg7 Kxg7 19. Bxg4 Nxg4 20. Rd7 Rab8 21.
f3 Nf6 22. Rd2 Rbd8 23. Ne2 Rxd2 24. Kxd2 Rd8+ 25. Ke3 Ng8 26. g4 Kf6 27. Ng3
Ne7 28. Rh2 Ke6 29. Rd2 Rxd2 30. Kxd2 Kd6 31. Kc3 a5 32. a3 b5 33. b3 Kc5 34.
b4+ Kb6 35. Kb3 a4+ 36. Kb2 c5 37. bxc5+ Kxc5 38. Kc3 Kb6 39. Kd3 Kc5 40. c3 f6
41. Kc2 Kc6 42. Kd3 Kc5 43. Kc2 Kc6 44. Kd3 Kc5 1/2-1/2

[Event "Mikhail Tal Mem Rapid"]
[Site "Jurmala LAT"]
[Date "2017.03.04"]
[Round "4.6"]
[White "Kovalenko,I"]
[Black "Esipenko,Andrey"]
[Result "1-0"]
[WhiteTitle "GM"]
[BlackTitle "FM"]
[WhiteElo "2672"]
[BlackElo "2502"]
[WhiteFideId "14117908"]
[BlackFideId "24175439"]
[EventDate "2017.03.04"]

1. c4 Nf6 2. Nc3 e6 3. Nf3 d5 4. d4 Bb4 5. cxd5 exd5 6. Bg5 h6 7. Bh4 g5 8. Bg3
Ne4 9. Nd2 Nxg3 10. hxg3 c6 11. Qc2 Be6 12. e3 Nd7 13. Bd3 Qc7 14. a3 Be7 15.
O-O-O O-O-O 16. Kb1 Kb8 17. Ka1 h5 18. Nf3 h4 19. gxh4 gxh4 20. Bf5 Rdg8 21. Rh2
Nb6 22. Rdh1 Qc8 23. Bxe6 Qxe6 24. g3 Rh6 25. Nxh4 Rgh8 26. Nf3 Rxh2 27. Rxh2
Rxh2 28. Nxh2 Qh3 29. Nf3 Qf1+ 30. Ka2 Qc4+ 31. b3 Qa6 32. Nb1 Qf1 33. Ne5 f6
34. Nd3 Bd6 35. Nc3 Nd7 36. Qd1 Qh3 37. Kb2 Qf5 38. Qe2 Kc7 39. Ne1 a6 40. Qc2
Qh5 41. Ng2 Kd8 42. Nh4 Qf7 43. Qf5 Qf8 44. Nb1 Qe8 45. Ng6 Kc7 46. Nc3 Kb8 47.
g4 Bc7 48. Nf4 Qe7 49. Ng2 Nf8 50. Ne1 Bd6 51. Nc2 Ne6 52. f4 Ka7 53. Qg6 Bc7
54. Qg8 Ba5 55. b4 Bc7 56. Na4 a5 57. Nc5 Nxc5 58. bxc5 b6 59. cxb6+ Bxb6 60. g5
fxg5 61. fxg5 c5 62. Qxd5 cxd4 63. exd4 Qe8 64. Qe5 Qc6 65. Qf6 Qb5+ 66. Kc1 Qd3
67. g6 Qg3 68. g7 Qg1+ 69. Kb2 Ka6 70. a4 Qg2 71. Qe5 Qg1 72. Qb5+ Ka7 73. Qd7+
Ka6 74. Qc8+ Ka7 75. g8=Q Bxd4+ 76. Ka2 1-0

[Event "Mikhail Tal Mem Rapid"]
[Site "Jurmala LAT"]
[Date "2017.03.04"]
[Round "5.1"]
[White "Van Wely,L"]
[Black "Ehlvest,J"]
[Result "0-1"]
[WhiteTitle "GM"]
[BlackTitle "GM"]
[WhiteElo "2668"]
[BlackElo "2536"]
[WhiteFideId "1000268"]
[BlackFideId "4500016"]
[EventDate "2017.03.04"]

1. Nf3 Nf6 2. c4 e6 3. d4 Bb4+ 4. Nbd2 O-O 5. a3 Be7 6. e4 d6 7. g3 Nbd7 8. Bg2
e5 9. O-O Re8 10. b4 Bf8 11. Bb2 exd4 12. Nxd4 Ne5 13. Qc2 c5 14. Nf5 cxb4 15.
axb4 g6 16. Ne3 Bg7 17. h3 Bd7 18. f4 Nc6 19. b5 Nb4 20. Qb3 a5 21. e5 Nh5 22.
Ne4 dxe5 23. fxe5 Bxe5 24. Bxe5 Rxe5 25. g4 Rxe4 26. Bxe4 Ng3 27. Bxb7 Rb8 28.
Bd5 Nxf1 29. Rxf1 Be8 30. Qc3 Qg5 31. Qd4 h5 32. Kg2 Rd8 33. Kg3 h4+ 34. Kg2 a4
35. Qa7 Nxd5 36. Nxd5 Rxd5 37. cxd5 Qxd5+ 38. Kg1 Bxb5 39. Qb8+ Kg7 40. Re1 Qd4+
41. Kg2 Qd2+ 0-1

[Event "Mikhail Tal Mem Rapid"]
[Site "Jurmala LAT"]
[Date "2017.03.04"]
[Round "5.2"]
[White "Stocek,J"]
[Black "Neiksans,A"]
[Result "1/2-1/2"]
[WhiteTitle "GM"]
[BlackTitle "GM"]
[WhiteElo "2568"]
[BlackElo "2613"]
[WhiteFideId "304760"]
[BlackFideId "11601388"]
[EventDate "2017.03.04"]

1. d4 Nf6 2. c4 e6 3. Nc3 Bb4 4. e3 O-O 5. Bd3 d5 6. Nf3 b6 7. O-O Bb7 8. a3 Bd6
9. cxd5 exd5 10. Bd2 Nbd7 11. Rc1 a6 12. Ne2 Re8 13. Ng3 Ne4 14. Bb4 c5 15. dxc5
bxc5 16. Bxe4 dxe4 17. Qxd6 exf3 18. Rfd1 cxb4 19. Qxd7 Qxd7 20. Rxd7 Bc8 21.
Rdc7 bxa3 22. bxa3 fxg2 23. Kxg2 Be6 24. e4 Red8 25. Ne2 a5 26. Nf4 Bb3 27. R1c5
a4 28. Nd5 Kf8 29. Nb6 Ra6 30. Nd7+ Kg8 31. Rc8 Ra8 32. Rxa8 Rxa8 33. Kf3 f6 34.
Rc7 Re8 35. Ke3 h6 36. f4 Rd8 37. Nc5 Rd1 38. e5 fxe5 39. fxe5 Rh1 40. e6 Bxe6
41. Nxe6 Re1+ 42. Kf4 Rxe6 43. Ra7 Rf6+ 44. Kg3 1/2-1/2

[Event "Mikhail Tal Mem Rapid"]
[Site "Jurmala LAT"]
[Date "2017.03.04"]
[Round "5.3"]
[White "Ladva,O"]
[Black "Kovalenko,I"]
[Result "0-1"]
[WhiteTitle "GM"]
[BlackTitle "GM"]
[WhiteElo "2529"]
[BlackElo "2672"]
[WhiteFideId "4500024"]
[BlackFideId "14117908"]
[EventDate "2017.03.04"]

1. Nf3 Nf6 2. c4 c5 3. Nc3 Nc6 4. d4 cxd4 5. Nxd4 g6 6. e4 Bg7 7. Be3 d6 8. Be2
O-O 9. O-O Bd7 10. f3 Qb6 11. Na4 Qa5 12. Nb5 Rfc8 13. a3 Qd8 14. c5 dxc5 15.
Nxc5 b6 16. Nxd7 Nxd7 17. Rb1 Nc5 18. b4 Ne6 19. Bc4 Ned4 20. Nxd4 Bxd4 21. Bxd4
Qxd4+ 22. Qxd4 Nxd4 23. Bd5 Rab8 24. Rf2 e6 25. Ba2 Rc3 26. Rd1 Rd8 27. Rfd2
Ne2+ 28. Kf1 Rxd2 29. Rxd2 Nf4 30. a4 Nd3 31. b5 Kf8 32. h4 Ke7 33. Ke2 Nc5 34.
Bb1 Ra3 35. Bc2 Nxa4 36. Bxa4 Rxa4 37. Rc2 Kd6 38. Rd2+ Kc5 39. Rd7 f5 40. Rxh7
fxe4 41. fxe4 Rxe4+ 42. Kf3 Ra4 43. g4 Kxb5 44. Rg7 Ra3+ 45. Kf4 Rh3 46. Kg5 a5
47. Rxg6 a4 48. Rxe6 a3 49. h5 a2 50. Re1 Ka4 51. Kh6 b5 52. g5 b4 53. g6 b3 54.
g7 Rg3 55. Ra1 Ka3 56. Kh7 b2 57. Rxa2+ Kxa2 0-1

[Event "Mikhail Tal Mem Rapid"]
[Site "Jurmala LAT"]
[Date "2017.03.04"]
[Round "5.5"]
[White "Fridman,D"]
[Black "Notkin,M"]
[Result "1-0"]
[WhiteTitle "GM"]
[BlackTitle "IM"]
[WhiteElo "2598"]
[BlackElo "2465"]
[WhiteFideId "11600454"]
[BlackFideId "4114914"]
[EventDate "2017.03.04"]

1. d4 Nf6 2. Nf3 e6 3. g3 c5 4. c4 cxd4 5. Nxd4 Nc6 6. Bg2 Bc5 7. Nb3 Be7 8. Nc3
O-O 9. O-O b6 10. Bf4 Bb7 11. Nb5 d5 12. Nc7 dxc4 13. Nxa8 Qxa8 14. Nd2 Rd8 15.
Qe1 Nb4 16. Bxb7 Qxb7 17. Rc1 b5 18. a4 a6 19. axb5 axb5 20. Nf3 Nbd5 21. Bd2
Ne4 22. Ba5 Ra8 23. Ra1 b4 24. Nd2 Nxd2 25. Qxd2 Qb5 26. e4 c3 27. bxc3 Nxc3 28.
Bc7 Rc8 29. Rfe1 h6 30. Bd6 Bg5 31. f4 Bd8 32. Be5 Bb6+ 33. Kg2 f6 34. Bxc3 bxc3
35. Qc2 Bd4 36. e5 Qd5+ 37. Kh3 fxe5 38. fxe5 Bxe5 39. Re2 Bf6 40. Rae1 Qh5+ 41.
Kg2 Qd5+ 42. Kh3 Rc4 43. Re4 Rc6 44. Rd1 Qf5+ 45. Kg2 h5 46. Qe2 Rb6 47. Rc1 Rb2
48. Rc2 Qd5 49. Kh3 Qf5+ 50. Kg2 Qd5 51. Kh3 Qf5+ 52. Kg2 Qd5 53. Kh3 Rxc2 54.
Qxc2 Qd2 55. Re2 Qd4 56. Qe4 Qxe4 57. Rxe4 Kf7 58. Kg2 Ke7 59. Kf3 Kd6 60. Ke2
Kd5 61. Ra4 Ke5 62. Ra5+ Ke4 63. Rxh5 Bd4 64. Rh4+ Kd5 65. Kd3 Bf6 66. Rh5+ Kd6
67. Ra5 Ke7 68. Rc5 Kf7 69. Rc4 Kg6 70. Ke4 Kf7 71. Rc6 Ke7 72. h4 Kd7 73. Rc4
Ke7 74. h5 Kf7 75. Rc8 Ke7 76. g4 Kf7 77. Rc6 Ke7 78. Kf4 Bd4 79. g5 Kf7 80. Ke4
Bf2 81. Rxc3 Bh4 1-0

[Event "Mikhail Tal Mem Rapid"]
[Site "Jurmala LAT"]
[Date "2017.03.04"]
[Round "5.6"]
[White "Gorodetzky,David"]
[Black "Shirov,A"]
[Result "1/2-1/2"]
[WhiteTitle "FM"]
[BlackTitle "GM"]
[WhiteElo "2364"]
[BlackElo "2691"]
[WhiteFideId "2813416"]
[BlackFideId "2209390"]
[EventDate "2017.03.04"]

1. e4 e5 2. Nf3 Nc6 3. Bc4 Bc5 4. c3 Nf6 5. d3 O-O 6. O-O d5 7. exd5 Nxd5 8. Re1
Bg4 9. h3 Bh5 10. Nbd2 Bb6 11. Nf1 f6 12. Ne3 Bf7 13. Nxd5 Bxd5 14. Qb3 Bxc4 15.
Qxc4+ Kh8 16. Be3 Qd7 17. Rad1 Rfe8 18. b4 Rad8 19. Rd2 Qe6 20. Qxe6 Rxe6 21.
Bxb6 axb6 22. d4 Red6 23. Rde2 h6 24. dxe5 Nxe5 25. Nxe5 fxe5 26. Rxe5 Rc6 27.
Re8+ Rxe8 28. Rxe8+ Kh7 29. Re3 b5 30. Kf1 Ra6 31. Re2 Rc6 32. Re3 Ra6 33. Re2
Ra8 1/2-1/2

[Event "Mikhail Tal Mem Rapid"]
[Site "Jurmala LAT"]
[Date "2017.03.04"]
[Round "6.1"]
[White "Ehlvest,J"]
[Black "Stocek,J"]
[Result "1/2-1/2"]
[WhiteTitle "GM"]
[BlackTitle "GM"]
[WhiteElo "2536"]
[BlackElo "2568"]
[WhiteFideId "4500016"]
[BlackFideId "304760"]
[EventDate "2017.03.04"]

1. e4 c5 2. Nf3 Nc6 3. Bb5 e6 4. O-O Nge7 5. d4 cxd4 6. Nxd4 Qc7 7. Nc3 a6 8.
Be2 Nxd4 9. Qxd4 Nc6 10. Qe3 Bd6 11. Qh3 b5 12. Be3 O-O 13. f4 Na5 14. Bd3 Bc5
15. Bxc5 Qxc5+ 16. Kh1 f6 17. e5 f5 18. Ne4 Qb6 19. Nd6 Nb7 20. Nxc8 1/2-1/2

[Event "Mikhail Tal Mem Rapid"]
[Site "Jurmala LAT"]
[Date "2017.03.04"]
[Round "6.2"]
[White "Kovalenko,I"]
[Black "Sveshnikov,E"]
[Result "0-1"]
[WhiteTitle "GM"]
[BlackTitle "GM"]
[WhiteElo "2672"]
[BlackElo "2493"]
[WhiteFideId "14117908"]
[BlackFideId "4100638"]
[EventDate "2017.03.04"]

1. c4 e6 2. Nf3 d5 3. e3 Nf6 4. b3 Bd6 5. Bb2 O-O 6. Nc3 c6 7. d4 Nbd7 8. Qc2
Qe7 9. h3 e5 10. g4 Ne4 11. Nxe4 dxe4 12. Qxe4 Nf6 13. Qc2 Bb4+ 14. Ke2 exd4 15.
Nxd4 Rd8 16. Bg2 c5 17. Nf3 h5 18. g5 Ne4 19. Rad1 Bf5 20. Qc1 Rab8 21. h4 Bg4
22. Rxd8+ Rxd8 23. Rd1 Bd2 24. Qc2 Ng3+ 0-1

[Event "Mikhail Tal Mem Rapid"]
[Site "Jurmala LAT"]
[Date "2017.03.04"]
[Round "6.3"]
[White "Neiksans,A"]
[Black "Van Wely,L"]
[Result "1-0"]
[WhiteTitle "GM"]
[BlackTitle "GM"]
[WhiteElo "2613"]
[BlackElo "2668"]
[WhiteFideId "11601388"]
[BlackFideId "1000268"]
[EventDate "2017.03.04"]

1. c4 e5 2. Nc3 Nf6 3. Nf3 Nc6 4. e3 Bb4 5. Qc2 Bxc3 6. Qxc3 Qe7 7. d3 O-O 8.
Be2 d5 9. cxd5 Nxd5 10. Qc2 a5 11. O-O Rd8 12. a3 a4 13. Bd2 Rd6 14. Rfe1 Bg4
15. Bc3 Rg6 16. g3 h5 17. Nd2 Bxe2 18. Rxe2 h4 19. Kh1 Qe6 20. Rg1 Nf6 21. f3
hxg3 22. hxg3 Rh6+ 23. Rh2 Rxh2+ 24. Kxh2 Nd5 25. Nf1 Qh6+ 26. Kg2 Qxe3 27. Rh1
Nd4 28. Qd1 Qg5 29. Kf2 Nxc3 30. bxc3 Nb3 31. Ne3 Rd8 32. Rh4 f6 33. d4 exd4 34.
cxd4 c5 35. d5 b5 36. Qd3 Qe5 37. Qh7+ Kf7 38. Nf5 Qb2+ 39. Kg1 Qc1+ 40. Kh2
Qd2+ 41. Kh3 Rg8 42. Nh6+ 1-0

[Event "Mikhail Tal Mem Rapid"]
[Site "Jurmala LAT"]
[Date "2017.03.04"]
[Round "6.5"]
[White "Miezis,N"]
[Black "Fridman,D"]
[Result "1/2-1/2"]
[WhiteTitle "GM"]
[BlackTitle "GM"]
[WhiteElo "2497"]
[BlackElo "2598"]
[WhiteFideId "11600136"]
[BlackFideId "11600454"]
[EventDate "2017.03.04"]

1. c4 Nf6 2. Nc3 e6 3. e4 c5 4. Nf3 d6 5. g3 b6 6. Bg2 Bb7 7. d3 Be7 8. O-O O-O
9. Re1 a6 10. b3 Nc6 11. Bb2 Nd7 12. d4 e5 13. dxe5 dxe5 14. Nd5 Nd4 15. Bh3 f6
16. Nh4 Bxd5 17. exd5 g6 18. Be6+ Kg7 19. f4 Bd6 20. Qg4 f5 21. Nxf5+ Nxf5 22.
Bxd7 h5 23. Qh3 Qxd7 24. fxe5 Kh7 25. exd6 Rae8 26. Rad1 Rxe1+ 27. Rxe1 Re8 28.
Qf1 Nxd6 29. Rxe8 Qxe8 30. Qf4 Qe2 31. Kh1 Qe1+ 32. Kg2 Nf5 33. Qc7+ Kh6 34.
Qf4+ Kh7 35. Bc1 Qe2+ 36. Kg1 Qd1+ 37. Kf2 Qh1 38. g4 hxg4 39. Qc7+ Ng7 40. Qf4
Nf5 41. Qc7+ Ng7 42. Qf4 Nf5 1/2-1/2

[Event "Mikhail Tal Mem Rapid"]
[Site "Jurmala LAT"]
[Date "2017.03.04"]
[Round "6.6"]
[White "Vavulin,M"]
[Black "Jumabayev,R"]
[Result "0-1"]
[WhiteTitle "IM"]
[BlackTitle "GM"]
[WhiteElo "2604"]
[BlackElo "2611"]
[WhiteFideId "4169530"]
[BlackFideId "13702661"]
[EventDate "2017.03.04"]

1. e4 c5 2. Nf3 d6 3. d4 cxd4 4. Nxd4 Nf6 5. Nc3 a6 6. Be3 Ng4 7. Bc1 Nf6 8. Qf3
Qb6 9. Nb3 e6 10. g4 Nc6 11. g5 Nd7 12. Bf4 Nce5 13. Qe2 Qc7 14. a4 b6 15. Bg3
Nc5 16. Nd4 h5 17. h4 g6 18. Bh3 Bb7 19. Rd1 Bg7 20. b4 Ncd7 21. Ndb5 axb5 22.
Nxb5 Qc6 23. Nxd6+ Ke7 24. f4 Ng4 25. Bxg4 hxg4 26. O-O Rxa4 27. Nxb7 Ra3 28.
Rd3 Rxd3 29. Qxd3 Qxb7 30. Rd1 Rc8 31. f5 Ke8 32. f6 Bf8 33. Bd6 Qc6 34. Bxf8
Nxf8 35. Rd2 Nd7 36. Qd4 Qc7 37. Kg2 Ne5 38. Qd6 Qxd6 39. Rxd6 Rxc2+ 40. Kg3 Rc6
41. Rd2 Rc3+ 42. Kf4 Nc4 43. Rf2 Rf3+ 44. Rxf3 gxf3 45. Kxf3 Ne5+ 46. Kg3 Nc6
47. b5 Nd4 48. h5 gxh5 49. Kh4 Nxb5 50. Kxh5 Nd6 51. e5 Nc4 0-1

[Event "Mikhail Tal Mem Rapid"]
[Site "Jurmala LAT"]
[Date "2017.03.05"]
[Round "7.1"]
[White "Sveshnikov,E"]
[Black "Neiksans,A"]
[Result "0-1"]
[WhiteTitle "GM"]
[BlackTitle "GM"]
[WhiteElo "2493"]
[BlackElo "2613"]
[WhiteFideId "4100638"]
[BlackFideId "11601388"]
[EventDate "2017.03.04"]

1. e4 c5 2. c3 Nf6 3. e5 Nd5 4. Nf3 d6 5. d4 cxd4 6. Qxd4 e6 7. Nbd2 a6 8. Qe4
dxe5 9. Nxe5 f6 10. Nef3 Nc6 11. Nc4 Be7 12. Ne3 f5 13. Qc2 Nf6 14. a4 O-O 15.
Bc4 Kh8 16. O-O f4 17. Rd1 Qe8 18. Nf1 e5 19. Ng5 h6 20. Ne6 Bxe6 21. Bxe6 Bc5
22. Bf5 Qh5 23. Re1 Ne7 24. Be4 Nxe4 25. Qxe4 Nf5 26. b4 Ba7 27. Ra2 Nh4 28. Kh1
Rf7 29. Qxe5 Qg6 30. Qe4 Rf5 31. c4 Raf8 32. f3 Rg5 33. Qxg6 Rxg6 34. c5 a5 35.
Ba3 axb4 36. Bxb4 Rf7 37. Rae2 Nf5 38. Re4 Nh4 39. R1e2 b6 40. cxb6 Bxb6 41. Bd2
Nxf3 42. Rxf4 Rxf4 43. Bxf4 Nd4 44. Re1 Ba7 45. g3 Ra6 46. Ra1 Nc2 47. Ra2 Nb4
48. Ra3 Nc2 49. Rc3 Nb4 50. Rc8+ Kh7 51. Be5 Nd3 52. Bc3 Nf2+ 53. Kg2 Ne4 54.
Be5 Ra5 55. Ra8 Rxa4 56. Bb8 Ra2+ 57. Kf3 Ng5+ 58. Kg4 Ra4+ 59. Kf5 g6+ 60. Ke5
Bd4+ 61. Kd5 Rxa8 62. Bf4 Bg7 63. Ne3 Nf7 64. Nc4 Rd8+ 65. Ke6 Ng5+ 66. Ke7 Rd4
67. Nd6 Nf3 68. h4 Nxh4 69. Ne8 Nf5+ 70. Ke6 Re4+ 71. Kd7 Rxf4 72. gxf4 h5 73.
Nc7 h4 74. Ne6 Bh6 75. Nc5 h3 76. Ne4 h2 77. Nf2 Bxf4 78. Ke6 Ng3 0-1

[Event "Mikhail Tal Mem Rapid"]
[Site "Jurmala LAT"]
[Date "2017.03.05"]
[Round "7.2"]
[White "Onischuk,V"]
[Black "Ehlvest,J"]
[Result "1/2-1/2"]
[WhiteTitle "GM"]
[BlackTitle "GM"]
[WhiteElo "2601"]
[BlackElo "2536"]
[WhiteFideId "14114038"]
[BlackFideId "4500016"]
[EventDate "2017.03.04"]

1. e4 g6 2. d4 Bg7 3. Nc3 c6 4. f4 d5 5. e5 Nh6 6. Nf3 f6 7. Bd3 Bg4 8. h3 Bxf3
9. Qxf3 O-O 10. exf6 Rxf6 11. Ne2 Nd7 12. Qe3 Nf5 13. Qf2 Nd6 14. c3 e5 15. dxe5
Nxe5 16. Bc2 Ne4 17. Qh4 Nc4 18. O-O Qb6+ 19. Kh2 Re8 20. Nd4 Rff8 21. Rd1 g5
22. Qh5 gxf4 23. Bxf4 Qd8 24. Rf1 Rxf4 25. Rxf4 Be5 26. Rf1 Ne3 27. Bxe4 Nxf1+
28. Kg1 Bxf4 29. Bxh7+ Kf8 30. Qf5+ Kg7 31. Qxf4 Kxh7 32. Qf5+ Kh8 33. Qh5+ Kg7
34. Kxf1 Rf8+ 35. Kg1 Qf6 36. Qg4+ Kh6 37. Nf3 Qf5 38. Qh4+ Kg7 39. Qd4+ Qf6 40.
Qxa7 Rf7 41. Qf2 Qf4 42. Qe1 Kf8 43. Kh1 Re7 44. Qf1 Ke8 45. Qf2 Qc1+ 46. Kh2
Qf4+ 47. Kh1 Qc1+ 48. Kh2 1/2-1/2

[Event "Mikhail Tal Mem Rapid"]
[Site "Jurmala LAT"]
[Date "2017.03.05"]
[Round "7.3"]
[White "Jumabayev,R"]
[Black "Bok,B"]
[Result "1-0"]
[WhiteTitle "GM"]
[BlackTitle "GM"]
[WhiteElo "2611"]
[BlackElo "2596"]
[WhiteFideId "13702661"]
[BlackFideId "1017063"]
[EventDate "2017.03.04"]

1. Nf3 Nf6 2. g3 g6 3. Bg2 Bg7 4. c4 c5 5. O-O O-O 6. d4 cxd4 7. Nxd4 d5 8. cxd5
Nxd5 9. Nb5 Be6 10. Nd4 Bc8 11. Nc3 Nxc3 12. bxc3 Nc6 13. Nxc6 bxc6 14. Qxd8
Rxd8 15. Bxc6 Bh3 16. Bxa8 Bxf1 17. Kxf1 Bxc3 18. Rb1 Rxa8 19. Rb7 e6 20. Be3 a5
21. a4 Rd8 22. Bh6 Bg7 23. Bf4 h6 24. Rb5 Bc3 25. Bxh6 Rd1+ 26. Kg2 Ra1 27. Rc5
Bb4 28. Rc8+ Kh7 29. Bg5 Kg7 30. Bf4 Kf6 31. Be3 Rxa4 32. Bd4+ Ke7 33. Rc7+ Ke8
34. Bf6 Ra2 35. Kf3 Bd6 36. Ra7 a4 37. h4 a3 38. g4 e5 39. h5 gxh5 40. gxh5 Ra1
41. h6 Rh1 42. Bg7 f5 43. e4 fxe4+ 44. Kxe4 Rh2 45. Kd5 Be7 46. Ke6 Bd8 47. Rf7 1-0

[Event "Mikhail Tal Mem Rapid"]
[Site "Jurmala LAT"]
[Date "2017.03.05"]
[Round "7.4"]
[White "Stocek,J"]
[Black "Shirov,A"]
[Result "1/2-1/2"]
[WhiteTitle "GM"]
[BlackTitle "GM"]
[WhiteElo "2568"]
[BlackElo "2691"]
[WhiteFideId "304760"]
[BlackFideId "2209390"]
[EventDate "2017.03.04"]

1. d4 d5 2. c4 c6 3. Nf3 Nf6 4. Nc3 e6 5. Bg5 dxc4 6. e4 b5 7. a4 b4 8. Nb1 Ba6
9. Qc1 c5 10. Bxf6 gxf6 11. Bxc4 Bxc4 12. Qxc4 cxd4 13. Nxd4 Nd7 14. Nd2 Rc8 15.
Qb5 Qb6 16. Qxb6 axb6 17. Ke2 Bc5 18. N4b3 Ke7 19. Rhc1 Bd6 20. g3 Rxc1 21. Rxc1
Ra8 22. Ra1 Rc8 23. Rc1 Ra8 24. Ra1 Rc8 25. Rc1 1/2-1/2

[Event "Mikhail Tal Mem Rapid"]
[Site "Jurmala LAT"]
[Date "2017.03.05"]
[Round "7.5"]
[White "Krivonosov,O"]
[Black "Kovalenko,I"]
[Result "1/2-1/2"]
[WhiteTitle "IM"]
[BlackTitle "GM"]
[WhiteElo "2447"]
[BlackElo "2672"]
[WhiteFideId "11600349"]
[BlackFideId "14117908"]
[EventDate "2017.03.04"]

1. Nf3 c5 2. c4 g6 3. d4 Bg7 4. e4 cxd4 5. Nxd4 Nc6 6. Be3 Nf6 7. Nc3 O-O 8. Be2
d6 9. O-O Bd7 10. Qd2 Nxd4 11. Bxd4 Bc6 12. f3 a5 13. b3 Nd7 14. Bxg7 Kxg7 15.
Qd4+ Kg8 16. Rac1 Qb6 17. Qxb6 Nxb6 18. Nd5 Bxd5 19. cxd5 Rac8 20. Kf2 Kg7 21.
Ke3 Kf6 22. f4 e6 23. dxe6 fxe6 24. h4 h5 25. g3 Ke7 26. Bb5 Nd7 27. Bxd7 Kxd7
28. Rxc8 Rxc8 29. Kd2 Rc5 30. Rf3 Ke7 31. Rc3 b6 32. a3 d5 33. b4 axb4 34. axb4
Rb5 35. Rb3 dxe4 36. Ke3 e5 37. Kxe4 exf4 38. Kxf4 Kf6 39. Rb1 Ke6 40. Ke4 Re5+
41. Kd4 Rd5+ 42. Ke4 Rb5 43. Rb2 Re5+ 44. Kf4 Rf5+ 45. Ke4 Kd6 46. Rc2 Rb5 47.
Rc4 Re5+ 48. Kd4 Rf5 49. Ke4 Rb5 50. Rd4+ Ke6 51. Rc4 Re5+ 52. Kd4 Kf5 53. Kd3
Rd5+ 54. Ke3 Re5+ 55. Kf3 Rb5 56. Ke3 g5 57. hxg5 Kxg5 58. Kf3 Re5 59. Kg2 Re2+
60. Kh3 Rb2 61. Rd4 b5 62. Rd5+ Kg6 63. Rxb5 Kh6 64. Rb6+ Kg5 65. Rb8 Kg6 66. b5
Kg5 67. b6 Kg6 1/2-1/2

[Event "Mikhail Tal Mem Rapid"]
[Site "Jurmala LAT"]
[Date "2017.03.05"]
[Round "7.6"]
[White "Fridman,D"]
[Black "Meskovs,N"]
[Result "1-0"]
[WhiteTitle "GM"]
[BlackTitle "IM"]
[WhiteElo "2598"]
[BlackElo "2490"]
[WhiteFideId "11600454"]
[BlackFideId "11602740"]
[EventDate "2017.03.04"]

1. Nf3 Nf6 2. c4 e6 3. Nc3 b6 4. e4 Bb7 5. e5 Ne4 6. Bd3 Ng5 7. Be2 Nxf3+ 8.
Bxf3 Bxf3 9. Qxf3 Nc6 10. Qe4 Bc5 11. Ne2 f5 12. Qf4 d6 13. exd6 Qxd6 14. Qxd6
cxd6 15. a3 Nd4 16. Nxd4 Bxd4 17. d3 d5 18. Rb1 Rc8 19. b3 b5 20. cxb5 Rc2 21.
O-O Re2 22. Be3 Bxe3 23. fxe3 Rxe3 24. Rfc1 Kd7 25. Rc6 Rb8 26. a4 Rxd3 27. Re1
Re8 28. Ra6 Rxb3 29. Rxa7+ Kd6 30. Ra6+ Kd7 31. Rc1 Ke7 32. Rc7+ Kf6 33. Raa7
Rd8 34. Rxg7 d4 35. Rxh7 Rd5 36. Rhd7 Ke5 37. Kf2 Rxd7 38. Rxd7 Ke4 39. h4 f4
40. h5 Rb2+ 41. Kg1 Rb1+ 42. Kh2 Rc1 43. b6 Rc5 44. b7 Rxh5+ 45. Kg1 Rh8 46. a5
Rg8 47. Kf2 1-0

[Event "Mikhail Tal Mem Rapid"]
[Site "Jurmala LAT"]
[Date "2017.03.05"]
[Round "8.1"]
[White "Neiksans,A"]
[Black "Jumabayev,R"]
[Result "1-0"]
[WhiteTitle "GM"]
[BlackTitle "GM"]
[WhiteElo "2613"]
[BlackElo "2611"]
[WhiteFideId "11601388"]
[BlackFideId "13702661"]
[EventDate "2017.03.04"]

1. c4 Nf6 2. Nf3 g6 3. g3 Bg7 4. Bg2 c6 5. O-O O-O 6. d4 d5 7. b3 dxc4 8. bxc4
c5 9. Bb2 Qb6 10. Qc1 cxd4 11. Nxd4 Na6 12. Nd2 Nc5 13. N2b3 a6 14. Rd1 Nfd7 15.
Rb1 Qc7 16. Ba3 Re8 17. Qe3 Nxb3 18. axb3 Nf6 19. h3 Bf8 20. Nf3 Bf5 21. Rbc1
Rad8 22. g4 Bc8 23. Bb2 Bg7 24. Be5 Qa5 25. Rxd8 Qxd8 26. Bc3 Qd6 27. Ne5 Qa3
28. Rb1 Rd8 29. Qb6 Qd6 30. Qxd6 exd6 31. Rd1 h5 32. g5 Nh7 33. f4 h4 34. Kf2
Be6 35. Ba5 Re8 36. Nf3 Bf5 37. Rd2 Be4 38. Nxh4 Bxg2 39. Nxg2 Re6 40. Ne3 f6
41. h4 fxg5 42. hxg5 Bf8 43. Nd5 Kf7 44. Kf3 Bg7 45. Nc7 Re7 46. Rxd6 Nf8 47.
Nd5 Rd7 48. Bb4 Rxd6 49. Bxd6 Ne6 50. e3 Bb2 51. Ke2 Ke8 52. Nc7+ Kd7 53. Nxe6
Kxe6 54. Bb4 Kf5 55. Kf3 1-0

[Event "Mikhail Tal Mem Rapid"]
[Site "Jurmala LAT"]
[Date "2017.03.05"]
[Round "8.3"]
[White "Fedorov,Alex"]
[Black "Onischuk,V"]
[Result "1/2-1/2"]
[WhiteTitle "GM"]
[BlackTitle "GM"]
[WhiteElo "2589"]
[BlackElo "2601"]
[WhiteFideId "13500465"]
[BlackFideId "14114038"]
[EventDate "2017.03.04"]

1. e4 d6 2. d4 g6 3. Bd3 Bg7 4. Nf3 Nf6 5. O-O O-O 6. c3 Nbd7 7. Bg5 h6 8. Bh4
e5 9. Nbd2 a6 10. Qc2 b6 11. a4 Bb7 12. b4 Qe7 13. d5 g5 14. Bg3 Nh5 15. a5 Nf4
16. axb6 cxb6 17. Rfe1 b5 18. c4 Rac8 19. Qb3 Nxd3 20. Qxd3 bxc4 21. Nxc4 f5 22.
exf5 Nf6 23. Nb6 Rcd8 24. Nd2 Qf7 25. Ra5 Ne8 26. Nbc4 Qxf5 27. Qxf5 Rxf5 28.
Ne4 Bf8 29. f3 Rc8 30. Ne3 Rf7 31. b5 axb5 32. Rxb5 Ba8 33. Ra1 Rfc7 34. h4 gxh4
35. Bxh4 Rc1+ 36. Rxc1 Rxc1+ 37. Kf2 Rc8 38. g4 Kf7 39. Ra5 Bb7 40. Ra7 Rc7 41.
Bd8 Rd7 42. Bb6 Bc8 43. Ra8 Bb7 44. Ra7 Bc8 45. Rxd7+ Bxd7 46. Ba5 Bc8 47. Bb4
Bb7 48. Kg3 Kg6 49. Ba3 1/2-1/2

[Event "Mikhail Tal Mem Rapid"]
[Site "Jurmala LAT"]
[Date "2017.03.05"]
[Round "8.4"]
[White "Stocek,J"]
[Black "Fridman,D"]
[Result "1/2-1/2"]
[WhiteTitle "GM"]
[BlackTitle "GM"]
[WhiteElo "2568"]
[BlackElo "2598"]
[WhiteFideId "304760"]
[BlackFideId "11600454"]
[EventDate "2017.03.04"]

1. d4 Nf6 2. c4 e6 3. Nf3 d5 4. Nc3 Be7 5. Bf4 O-O 6. Qc2 c5 7. dxc5 Na6 8. Rd1
Qa5 9. cxd5 Nb4 10. Qb1 Nbxd5 11. Bd2 Qxc5 12. Nxd5 Nxd5 13. e4 Nf6 14. Rc1 Qh5
15. e5 Ng4 16. Qe4 f5 17. exf6 Nxf6 18. Qe5 Qxe5+ 19. Nxe5 Ne4 20. Be3 Bb4+ 21.
Ke2 b6 22. f3 Ba6+ 23. Kd1 Rfd8+ 24. Kc2 Bxf1 25. Rhxf1 Nd2 26. Bxd2 Rxd2+ 27.
Kb3 a5 28. a3 Be7 29. g4 Bc5 30. Rc2 a4+ 31. Kc3 Rd5 32. Nd3 Rad8 33. Nb4 R5d6
34. Re2 Rc8 35. Kc4 Bd4+ 36. Kb5 Rc5+ 37. Kxa4 e5 38. Rc2 Rf6 39. Rxc5 bxc5 40.
Nd5 Rd6 41. Ne7+ Kf7 42. Nf5 1/2-1/2